| 000 | 00569nam a2200205 a 4500 | ||
|---|---|---|---|
| 005 | 20240806063917.0 | ||
| 008 | 050829s1984 mx r 000 0 spa d | ||
| 020 | _a9688470376 | ||
| 035 | _aUPN01000139895 | ||
| 049 | _aCG | ||
| 050 | 4 |
_aPQ7297 F9.8 _bC3c |
|
| 100 | 1 |
_aFuentes, Carlos, _d1928-2012 |
|
| 245 | 1 | 0 |
_aCambio de piel / _cCarlos Fuentes. |
| 260 |
_aMéxico : _bOrigen : _bSeix-Barral, _c1984. |
||
| 300 | _a445 p. | ||
| 440 | 0 |
_aObras maestras del XX ; _v16 |
|
| 650 | 4 |
_aNovela mexicana _94557 |
|
| 650 | 4 |
_aLiteratura mexicana _94466 |
|
| 905 | _aLIbro | ||
| 999 |
_c112043 _d112043 |
||